000 003710000a22001570004500
003 MACL
040 _aMACL
090 _c8912
_d8911
100 _aFitzgerald, Byron J.
245 _aA New Text Of Spiritual Philosophy And Religion
260 _bA B S Publishers & Distributors
_c2007
350 _a195
650 _aPhilisophy
942 _cBOOK
_k100
951 _o100 BOOK
999 _c8857
_d8857